Normal view
MARC view
- Mano, M. Morris,
Entry Personal Name
001 - CONTROL NUMBER
- control field: 33783
003 - CONTROL NUMBER IDENTIFIER
- control field: OSt
005 - DATE AND TIME OF LATEST TRANSACTION
- control field: 20130929133106.0
008 - FIXED-LENGTH DATA ELEMENTS
- fixed length control field: 130929|| aca||aabn | a|a d
040 ## - CATALOGING SOURCE
- Original cataloging agency: OSt
- Transcribing agency: OSt
100 ## - HEADING--PERSONAL NAME
- Personal name: Mano, M. Morris,
- Dates associated with a name: 1927-
670 ## - SOURCE DATA FOUND
- Source citation: Work cat.: (OSt)0: Mano, M. Morris, 1927-, Computer System Architecture /, 1993.